| 000 | 01172nam a2200253 u 4500 | ||
|---|---|---|---|
| 001 | 000370237 | ||
| 003 | AM-YeHGA | ||
| 005 | 20250617131856.0 | ||
| 008 | 041015s1978 ||||||||||||||||||||rus d | ||
| 040 | _aAM-YeHGA | ||
| 041 | 1 |
_arus _hbul |
|
| 100 | 1 | _aБосев, Крум | |
| 245 | 1 | 0 |
_aТайфун : _bЗаписки из Китая : Перевод с болгарского / _cК. Босев; Перев. Е.И. Громушкина, Н.Ф. Гусева, Ю.П. Игнатова; Ред. и авт. предисл. М.Л. Алтайский. |
| 246 | 1 | 5 | _aТайфунът : Записки от Китай |
| 260 |
_aМосква : _bПолитиздат, _c1978. |
||
| 300 |
_a344 стр. ; _c21 см. |
||
| 650 | 1 | 4 | _aПолитика и современное политическое положение отдельных зарубежных стран |
| 653 | 0 | _aКитай | |
| 700 | 1 |
_aГромушкин, Е.И. _eперев. _4trl |
|
| 700 | 1 |
_aГусев, Н.Ф. _eперев. _4trl |
|
| 700 | 1 |
_aИгнатов, Ю.П. _eперев. _4trl |
|
| 700 | 1 |
_aАлтайский, М.Л. _eред. _4edt _eавт. предисл. _4aui |
|
| 090 | _c142873 | ||
| 999 |
_c141493 _d141493 |
||